| LEADER | 01240cam a2200313 a 4500 | ||
|---|---|---|---|
| 001 | u405341 | ||
| 003 | SIRSI | ||
| 008 | 920820s1996 my t 00 10 may m | ||
| 035 | |a ACB-8187 | ||
| 040 | |a UMB |d UMM | ||
| 043 | |a a-my-me | ||
| 090 | |a PL5094 |b Rav | ||
| 091 | |a Microfiche 14334 | ||
| 093 | |a PL5094 |b Rav | ||
| 100 | 1 | 0 | |a Ravichandran, D. |
| 245 | 1 | 0 | |a Bahasa komuniti "Chitty Melaka" : |b satu kajian etnografi komunikasi / |c D. Ravichandran a/l K.D. Moorthy. |
| 260 | |c 1996. | ||
| 300 | |a xi, 174 leaves [append.]: |b ill ; |c 30 cm. | ||
| 500 | |a Microfiche. Kuala Lumpur : University of Malaya Library, 1999. 2 fiches : negative ; 11 x 15 cm. | ||
| 502 | |a Dissertation (M.M.L.S.) -- Fakulti Bahasa dan Linguistik, Universiti Malaya, 1996. | ||
| 504 | |a Bibliography : leaves 119-126. | ||
| 650 | 0 | |a Malay language |x Dialects |x Grammar. | |
| 650 | 0 | |a Indians |z Melaka |x Language. | |
| 690 | |a Chittys |z Melaka |x Language. | ||
| 710 | 2 | 0 | |a Universiti Malaya. |b Fakulti Bahasa dan Linguistik. |
| 948 | |a 09/12/1996 |b 13/06/2002 | ||
| 596 | |a 1 6 | ||
| 999 | |a PL5094 RAV |w LC |c 1 |i A506430197 |d 11/10/2017 |e 26/5/2017 |l STACKS |m P01UTAMA |n 23 |r Y |s Y |t TESIS |u 28/4/1997 | ||
| 999 | |a PL5094 RAV |w LC |c 1 |i A503693472 |l STACKS |m P06BAHASA |r Y |s Y |t TESIS |u 30/12/1996 | ||
